Normal view
MARC view
- Ramos, Fidel Valdez, 1928--
Entry Personal Name
001 - CONTROL NUMBER
- control field: 2830
003 - CONTROL NUMBER IDENTIFIER
- control field: URS
005 - DATE AND TIME OF LATEST TRANSACTION
- control field: 20221107085706.0
008 - FIXED-LENGTH DATA ELEMENTS
- fixed length control field: 221107|| aca||aabn | a|a d
040 ## - CATALOGING SOURCE
- Original cataloging agency: URS
100 ## - HEADING--PERSONAL NAME
- Personal name: Ramos, Fidel Valdez, 1928--
- General subdivision: Biography